STRATEGICAL MANAGEMENT, MARKETING AND STRATEGY IN NON-PROFIT ORGANISATIONS

Bibliographic Details
Main Author: Vukovič, Goran (Author)
Format: Article
Language:English
ISBN:8023304437

MARC

LEADER 00000naa a2200000uu 4500
001 vtls010939985
003 SK-MaSNL
005 20260302123005.0
008 210902|2001 xo |||||||||||||||||eng|
015 |a SNBRA 
035 |a (urnnbn)urn:nbn:sk:snk:ar-a0baxr 
035 |a (uuid)194adef4-081b-43b1-9ce3-9c2a9a6254f4 
035 |a urn:nbn:sk:snk-aau385 
040 |a SNKBUCL  |b slo  |c SNKBUCL  |e AACR2 
041 0 |a eng 
044 |a xo  |c SK 
100 1 |a Vukovič, Goran  |4 aut  |9 807277 
245 1 0 |a STRATEGICAL MANAGEMENT, MARKETING AND STRATEGY IN NON-PROFIT ORGANISATIONS  |c Goran Vukovič 
773 0 |t Znalostný manažment - kľúč k úspechu  |d Bratislava : Dom techniky ZSVTS, 2001  |g S. 270-281  |z 8023304437 
958 |a OND 
958 |a article11 
958 |a chapter 
999 |c 1280721  |d 1282651